=LDR 00000nam 2200000 4500 =001 INLIS000000000025117 =005 20130612123641 =008 ***********************************Ind** =035 ##$$0010-061300000025117 =041 ##$$a Ind =082 ##$$a 634.9 =090 ##$$a 634.9, Pur h =100 ##$$a Purnawati, Desak Made Oka =245 ##$$a Hutan jati Madiun silkultur di karesidenan madiun 1830-1913, Desak Made Oka Purwati =260 ##$$a 2004 $b Semarang =300 ##$$a xx, 163 hlm, 21 cm =650 ##$$a Hutan dan Kehutanan =850 ##$$a NBPNMAT